| 000 | 00378nam a2200133Ia 4500 | ||
|---|---|---|---|
| 008 | 220204s9999 xx 000 0 und d | ||
| 082 |
_a631.95 _bLOW |
||
| 245 | 0 | _aNutrient cycling in agricultural ecosystems | |
| 260 |
_aGeorgia _bUniversity of Georgia _c1983 |
||
| 490 | _aSpecial publication; no 23 | ||
| 650 | _aNutrient cycling | ||
| 700 | _aLOWRANCE, Richard | ||
| 942 | _cBK | ||
| 999 |
_c39013 _d39013 |
||